LIBRARY & INFORMATION CENTRE, KCAET, TAVANUR

ONLINE PUBLIC ACCESS CATALOGUE (OPAC)

Madhya Asiayil Socialism Vannathengine / (Record no. 4626)

MARC details
000 -LEADER
fixed length control field 00345cam a2200121ua 4500
082 ## - DEWEY DECIMAL CLASSIFICATION NUMBER
Classification number 335
Item number ROS/MA
100 ## - MAIN ENTRY--AUTHOR NAME
Personal name Roslyakov, A .
245 ## - TITLE STATEMENT
Title Madhya Asiayil Socialism Vannathengine /
260 ## - PUBLICATION, DISTRIBUTION, ETC. (IMPRINT)
Place of publication Kottayam :
Name of publisher Prabhatham Printing and Publishing Co. Pvt. Ltd. ,
Year of publication 1966.
300 ## - PHYSICAL DESCRIPTION
Number of Pages 131 ; .
700 1# - ADDED ENTRY--PERSONAL NAME
Personal name Tashliev, S .
942 ## - ADDED ENTRY ELEMENTS (KOHA)
Koha item type Books
Holdings
Withdrawn status Lost status Damaged status Home library Current library Date acquired Full call number Accession Number Koha item type
Withdrawn     KAUAET Sanskrit University 07/04/2012 335 11228 Books
free website counter